Top 15 Celebrities Born In 1997 - Statistics

General Stats
  • This quiz has been taken 217 times
    186 since last reset
  • The average score is 5 of 15
Answer Stats
Picture Answer % Correct
Kylie Jenner
82%
Camila Cabello
81%
Jake Paul
64%
Simone Biles
50%
Bella Poarch
49%
Chloe Grace Moretz
48%
Bella Thorne
47%
Jungkook
33%
Becky G
26%
Dylan Minnette
16%
Lil Yachty
15%
Isabelle Fuhrman
10%
Olivia Holt
9%
Unspeakablegaming
7%
Infinite
2%
No matching quizzes found
Score Distribution
Percent of People with Each Score
Percentile by Number Answered
Your Score History
You have not taken this quiz since the last reset